000
00282nam a22001337a 4500
003
SGT
082
_a
618.92
_b
P14A
100
_a
AGRAWAL, K.N.
245
_a
TB. OF PEDIATRICS
260
_a
INDIA
_b
ANE BOOKS
_c
2014
300
_a
422
650
_a
PEDIATRICS
942
_2
ddc
_c
BK
_0
2
999
_c
14687
_d
14687